Missing Word: 'F' in Every Category Quiz Stats

Quiz Updated Apr 7, 2016

Challenge
Share
Tweet
Embed
Score 0/15 Timer 02:00
0 Plays Today
Hint Missing Word % Correct
Tour de _____France
99%
April _____' DayFools
97.5%
Lord of the _____Flies
93.3%
Connect _____Four
90.8%
_____ on the Roof Fiddler
89.7%
_____ Reproductive SystemFemale
89.6%
_____ Green TomatoesFried
88.3%
Femme _____ Fatale
85.8%
Hint Missing Word % Correct
Saint _____ of AssisiFrancis
83%
Kung Fu _____Fighting
82.1%
Archduke Franz _____ of AustriaFerdinand
80.9%
_____ TowersFawlty
74.5%
Black _____ CakeForest
71.5%
Tierra del _____ ArchipelagoFuego
61.8%
A _____ for the Rest of Us - BadgeFestivus
23.5%

Today's Daily Dose

You're not logged in!

Compare scores with friends on all Sporcle quizzes.
Join for Free
OR
Log In

You Might Also Like...

Show Comments

Extras

Top Quizzes Today


Score Distribution

Your Account Isn't Verified!

In order to create a playlist on Sporcle, you need to verify the email address you used during registration. Go to your Sporcle Settings to finish the process.

Report this User

Report this user for behavior that violates our Community Guidelines.

Details: